Statistiques concernant Géographie par image - C

Cliquez ici pour prendre le quiz!

Statistiques générales

  • Ce quiz a été pris 11 230 fois
  • Le résultat moyen est 11 sur 18

Statistiques - réponses

Réponse% Correct
Chine
94%
Chypre
94%
Colisée
88%
Californie
87%
Canada
83%
Catalogne
80%
Mer {Caspienne}
80%
Cuba
79%
Chicago
70%
Croatie
66%
Colorado
59%
Cannes
58%
Crète
51%
Canal
44%
{Chichén} Itzá
34%
Copenhague
32%
Conciergerie
17%
Chengdu
12%

Distribution des résultats

Percentile par nombre de réponses

% des personnes avec chaque résultat

Votre développement - résultats

Vous n’avez pas pris ce quiz